000 00596nam a2200217Ia 4500
003 OSt
005 20250719141825.0
008 210423s2009 xx 000 0 und d
020 _a9788130905129
040 _cAL
041 _aEnglish
082 _a070.43
_bSAWH
245 _aHow to write proposals sales letters and reports
260 _aNew Delhi
_bViva Books Pvt Ltd
_c2009
300 _a215p.
_bPB
_c24x15cm.
365 _b195
_cINR
650 _aJournalism
_982759
650 _aReporting
_982760
906 _aHow ; letters ; proposals ; reports. ; sales ; write
942 _2ddc
_cBK
999 _c158026
_d158026